000 00398nam a2200133Ia 4500
008 230524s9999 xx 000 0 und d
020 _a9788128812019
100 _aG.D. Budhiraja
_936641
245 0 _aPower of Positive Thinking: Integrated Life Style for Peace and Happiness
260 _bDiamond Books
500 _aQuantity Number: 1
650 _aPersonality Development
_936642
942 _cBK
999 _c50679
_d50679